Southville International School and Colleges
Your cart is empty.
  • Cart
  • Lists
    Public lists Eva Luna New books Lux_list list_1
    Your lists Log in to create your own lists
  • Log in to your account
  • Your cookies
  • Search history
Southville International School and Colleges
  • Advanced search
  • Recent comments
  • Most popular
  • Libraries

Log in to your account

Log in with GOOGLE


If you do not have an external account, but do have a local account, you can still log in:

  1. Home
  2. MARC view: OET Preparation nursing/
Normal view MARC view ISBD view

OET Preparation nursing/ (Record no. 364042)

[ view plain ]
MARC details
000 -LEADER
fixed length control field 00421nam a2200133Ia 4500
008 - FIXED-LENGTH DATA ELEMENTS--GENERAL INFORMATION
fixed length control field 200903s9999 xx 000 0 und d
020 ## - INTERNATIONAL STANDARD BOOK NUMBER
International Standard Book Number 978-1-108-72644
100 ## - MAIN ENTRY--PERSONAL NAME
Personal name Leyshon, Catherine
245 ## - TITLE STATEMENT
Statement of responsibility, etc Catherine Leyshon, Gurleen Khaira, Virginia Allum
Title OET Preparation nursing/
260 ## - PUBLICATION, DISTRIBUTION, ETC. (IMPRINT)
Place of publication, distribution, etc UK:
Name of publisher, distributor, etc Cambridge University Press
Date of publication, distribution, etc 2019
300 ## - PHYSICAL DESCRIPTION
Extent 250 pages
Dimensions 28 cm.
500 ## - GENERAL NOTE
General note Includes index
650 ## - SUBJECT ADDED ENTRY--TOPICAL TERM
Topical term or geographic name as entry element Algebras, linear
Holdings
Withdrawn status Lost status Damaged status Home library Current library Shelving location Date acquired Source of acquisition Total Checkouts Full call number Barcode Date last seen Price effective from Koha item type
      College Library College Library Reserve Section 09/03/2020 Library Fund   QA 184 .L334 2019 C22176 09/03/2020 09/03/2020 Books

OET Preparation nursing/

APA

Leyshon C., . (2019). OET Preparation nursing. UK: Cambridge University Press.

Chicago

Leyshon Catherine, . 2019. OET Preparation nursing. UK: Cambridge University Press.

Harvard

Leyshon C., . (2019). OET Preparation nursing. UK: Cambridge University Press.

MLA

Leyshon Catherine, . OET Preparation nursing. UK: Cambridge University Press. 2019.

  • Place hold
  • Print
  • Cite
  • Add to your cart (remove)
  • Save record
    BIBTEX Dublin Core MARCXML MARC (non-Unicode/MARC-8) MARC (Unicode/UTF-8) MARC (Unicode/UTF-8, Standard) MODS (XML) RIS
  • More searches
    Search for this title in:
    Other Libraries (WorldCat) Other Databases (Google Scholar) Online Stores (Bookfinder.com) Open Library (openlibrary.org)

Exporting to Dublin Core...

SOUTHVILLE LIBRARY

Southville International School and Colleges Library

1281 Tropical Ave. Cor. Luxembourg St., BF Homes International, Las Pinas City

Tel. No. 8256374 / 252358 Loc. 117/146

Powered by Koha